Organizational systems: a text-reader in the sociology of organizations
Guardat en:
| Autors principals: | , |
|---|---|
| Format: | Llibre |
| Idioma: | anglès |
| Publicat: |
Lexington
D.C.Heath and Company
1972
|
| Matèries: | |
| Etiquetes: |
Afegir etiqueta
Sense etiquetes, Sigues el primer a etiquetar aquest registre!
|
MARC
| LEADER | 00000nam a2200000 a 4500 | ||
|---|---|---|---|
| 001 | UCR9447 | ||
| 003 | CL-VaPUC | ||
| 008 | 980613e19720000US |||||||||||||||||eng|d | ||
| 082 | 0 | 4 | |a 302.35 |b AZU |2 21 |
| 100 | 0 | |a Azumi, Koya |e author |9 412006 | |
| 700 | |a Hage, Jerald |e author |9 412007 | ||
| 245 | 1 | 0 | |a Organizational systems: a text-reader in the sociology of organizations |
| 300 | |a 581 p | ||
| 942 | |c BK | ||
| 945 | |d 19980613 00:00:00 |a crobeson | ||
| 260 | |a Lexington |b D.C.Heath and Company |c 1972 | ||
| 650 | 0 | |a Organizaciones |9 337993 | |
| 650 | 0 | |a Sociología |9 255410 | |
| 650 | 7 | |a CONDUCTA ORGANIZACIONAL |2 CL-VaPUC |9 263671 | |
| 650 | 0 | |a Burocracia |9 255511 | |
| 650 | 0 | |a Tecnología |9 256742 | |
| 650 | 0 | |a Autonomía |9 374048 | |
| 650 | 7 | |a PODER |2 CL-VaPUC |9 412008 | |
| 650 | 7 | |a DIVISION DEL TRABAJO |2 CL-VaPUC |9 312760 | |
| 650 | 0 | |a Control |9 330602 | |
| 583 | |a last modification |c 19980613 00:00:00 |k Rodrigo Vera | ||
| 999 | |c 270642 |d 270640 | ||
| 952 | |0 0 |1 0 |4 0 |6 302_350000000000000_AZU_1972 |7 0 |8 P |9 305005 |a BIBENE |b BIBENE |d 2019-11-20 |i 1413465 |o 302.35 AZU 1972 |p 1413465 |r 2025-01-15 |w 2019-11-20 |y BK |k ICO | ||